000 04858nkm0a2200625 4500
001 RU\NLR\BIBL_A\022783477
005 20260426080831.0
035 _a(NLR Aleph) 022783477
071 5 0 _d7 к.
_95000
090 _a13697239
_c13697239
100 _a20260413d1932 u y0rusy50 ca
101 0 _arus
102 _aRU
116 _adiybxx zz ae
135 _acrcn 024anaba
181 0 _ab4
_bxb2e
182 0 _an
200 1 _aТурксиб (1930 г.)
_h№ 8
_iОткрытие моста через р. Илы
_eпочтовая карточка
_fред. Петрейкова
203 _aИзображение
_bнеподвижное
_bдвухмерное
_bвизуальное
_cнепосредственное
210 _a[Москва]
_cИзогиз
_d[1932?]
_eМосква
_g2-я тип. "Правда"
215 _a1 л.
_cглуб. печ.
_d14,8х10,4
300 _aНа адрес. стороне изд. марка: "ОГИЗ Изогиз" - источник сведений о наименовании издателя
300 _aЦенз. разрешение: Уполн. Главлита № Б-15968
300 _aВ вып. дан.: Изогиз № 3504 ; Способ печ. меццо-тинто ; Зак. 372
325 _aКопия доступна в Электрон. б-ке РНБ
327 0 _aЖелезнодорожный мост через реку Или (Илийский мост)
532 1 2 _aТурксиб (1930 г.). № 7, Открытие моста через реку Илы
540 1 _aТуркестано-Сибирская железная дорога
601 0 2 _aТуркестано-Сибирская железная дорога
_jОткрытки
_91038436
_3RU\NLR\AUTH\66399486
606 1 _aПочтовые открытки маркированные художественные
_yСССР
_z1917 - 1941
_92195712
_3RU\NLR\AUTH\6601555037
606 1 _aФотографические открытки
_92151039
_3RU\NLR\AUTH\661600135
606 1 _aЖелезнодорожные мосты
_jОткрытки
_92221601
_3RU\NLR\AUTH\661333961
607 _aИли, река
_jОткрытки
_91174682
_3RU\NLR\AUTH\66471847
610 1 _aВидовые открытки
617 _aСССР
_bРСФСР
_bКазакская АССР
617 _f193004
686 0 _aЩ153(2)7-489
702 1 _4340
_aПетрейкова
_bЕ. М.
_cредактор издательства, искусствовед
_gЕлизавета Марковна
_9141870
_3RU\NLR\AUTH\770141906
711 0 2 _aТуркестано-Сибирская железная дорога
_9511862
_3RU\NLR\AUTH\8810007161
712 0 2 _4650
_aГосударственное издательство изобразительного искусства
_9790003
_3RU\NLR\AUTH\8810147764
712 0 2 _4610
_a"Правда", издательство
_bТипография
_cМосква
_c2
_92705674
_3RU\NLR\AUTH\880641608
830 _a"СТАНЦИЯ ИЛИ, 29 апреля (Спец. корр. Роста). Поздно ночью закончились празднества в Айнабулаке ... На рассвете - правительственный поезд с гостями вышел в Алма-Ату, в 5 часов дня прошел через пробитую в скале выемку и остановился у только-что оконченного моста через р. Или. После митинга и кратких приветственных речей поезд под мощное «ура» и звуки «Интернационала» вошел на мост. Красная лента у первой фермы моста была разорвана широкой паровозной грудью. Поезд медленно прошел через Илийский мост - второй по величине мост на Турксибе": https://yandex.ru/archive/catalog/f1aff582-c34f-46bd-89b4-d6ea710c451d/2 (13.04.2026). АЯ ОЭФ
830 _aДатировка: на адресной стороне штамп, содержащий год поступления в РНБ: "Г.П.Б. в Лнгр. О.Э. 1932 г. Ц Акт №". АЯ ОЭФ
852 0 0 _aNLR
_bЭ
_jОТ63/Т880
_mЭот23141
852 0 0 _aNLR
_bЭ
_jОТ63/Т880
_mЭот23142
856 0 _uhttps://vivaldi.nlr.ru/lo500030086/view
856 1 _uhttps://vivaldi.nlr.ru/lo500030086/cover
856 2 _uhttps://vivaldi.nlr.ru/lo500030086/text
942 _cVISUAL
980 _aNB
981 1 7 _a(17) Изографические материалы
_b(17) Открытки